00254nam a2200097Ia 4500008004100000041000800041100002300049245004400072260003200116300000800148221007s9999 xx 000 0 und d aeng aUniversity of Pune aAdvance diploma in Computer Application c1999bPune UniversityaPune a36p